000 00501nam a2200181Ia 4500
005 20250326123550.0
008 250326s9999 xx 000 0 und d
037 _aTextbook
040 _aFMSL
_beng
_cFMSL
041 _aeng
_2eng
084 _aB2893 L8
_qFMSL
100 _aVerma H L
_9735493
245 0 _aIntroducation to quantitative methods
_cVerma H L; Gross C W
260 _aNY
_bNY, John Wiley
_c1978
300 _a670p
942 _cTB
_hB2893 L8
999 _c1269950
_d1269950